logo

Bir Sreshtho Munshi Abdur Rouf Library
Jhenaidah Cadet College

American government and politics today / (Record no. 9119)

MARC details
000 -LEADER
fixed length control field 02294cam a2200385 a 4500
001 - CONTROL NUMBER
JCCL Control Number 9119
003 - CONTROL NUMBER IDENTIFIER
JCCL marc code BD-JhCC
005 - DATE AND TIME OF LATEST TRANSACTION
control field 20180313193214.0
008 - FIXED-LENGTH DATA ELEMENTS--GENERAL INFORMATION
fixed length control field 120816s2014 mauab 001 0 eng d
020 ## - INTERNATIONAL STANDARD BOOK NUMBER
International Standard Book Number 9781133610625 (hbk. : student text)
020 ## - INTERNATIONAL STANDARD BOOK NUMBER
International Standard Book Number 1133610625 (hbk. : student text)
020 ## - INTERNATIONAL STANDARD BOOK NUMBER
International Standard Book Number 9781133602132 (pbk.)
020 ## - INTERNATIONAL STANDARD BOOK NUMBER
International Standard Book Number 1133602134 (pbk.)
020 ## - INTERNATIONAL STANDARD BOOK NUMBER
International Standard Book Number 9781285074955 (Instructor's ed.)
020 ## - INTERNATIONAL STANDARD BOOK NUMBER
International Standard Book Number 1285074955 (Instructor's ed.)
035 ## - SYSTEM CONTROL NUMBER
system control number (OCoLC)ocn855122266
-- (BD-JhCC)9119
040 ## - CATALOGING SOURCE
Original cataloging agency DAC
Transcribing agency DAC
Modifying agency SEA
-- SGB
-- OCLCF
-- OCLCO
-- DLC
-- BD-JhCC
041 ## - LANGUAGE CODE
Language code of Book eng
050 00 - LIBRARY OF CONGRESS CALL NUMBER
Classification number JK274
Item number .A54763 2014
082 00 - DEWEY DECIMAL CLASSIFICATION NUMBER
Classification number 320.473
DDC Edition number 23
Author mark and Year AME 2014
245 00 - TITLE STATEMENT
Title American government and politics today /
Statement of responsibility, etc Steffen W. Schmidt ... [et al.].
250 ## - EDITION STATEMENT
Edition statement 2013-2014 ed.
260 ## - PUBLICATION, DISTRIBUTION, ETC. (IMPRINT)
Place of publication, distribution, etc Boston, MA :
Name of publisher, distributor, etc Wadsworth/Cengage Learning,
Date of publication, distribution, etc c2014.
300 ## - PHYSICAL DESCRIPTION
Pagination xlii, 656 p. :
Other physical details ill. (some col.), col. maps ;
Dimensions 28 cm.
500 ## - GENERAL NOTE
General note Includes index.
505 0# - FORMATTED CONTENTS NOTE
Formatted contents note Part one : The American system. One republic, two Americas? -- The Constitution -- Federalism -- Part two : Civil rights and civil liberties. Civil liberties -- Civil rights -- Part three : People and politics. Public opinion and political socialization -- Interest groups -- Political parties -- Voting and elections -- Campaigning for office -- Part four : Political institutions. The Congress -- The president -- The bureaucracy -- The courts -- Part five : Public policy. Domestic policy -- Economic policy -- Foreign policy and national security -- Part six : State and local politics. State and local government -- Appendixes. The Declaration of Independence -- The Constitution of the United States -- The Federalist Papers nos. 10 and 51 -- Glossary.
520 ## - SUMMARY, ETC.
Summary, etc Experience the excitement that comes with being an active, engaged, and informed citizen. This latest edition includes a variety of updates including in-depth coverage of the 2012 elections and will help you understand the basic foundations of American government and why it all matters. - Back cover.
650 #7 - SUBJECT ADDED ENTRY--TOPICAL TERM
Topical term or geographic name as entry element Political science.
651 #0 - SUBJECT ADDED ENTRY--GEOGRAPHIC NAME
Geographic name United States
General subdivision Politics and government
Form subdivision Textbooks.
651 #7 - SUBJECT ADDED ENTRY--GEOGRAPHIC NAME
Geographic name United States.
655 #7 -
Genre/form data or focus term Textbooks.
Source of term fast
700 1# - ADDED ENTRY--PERSONAL NAME
Personal name Schmidt, Steffen W.
942 ## - ADDED ENTRY ELEMENTS (KOHA)
Source of classification or shelving scheme Dewey Decimal Classification
Koha item type Books
Holdings
Source of classification or shelving scheme Damaged status Not for loan Home library Current library Shelving location Total Checkouts Full call number Barcode Date last seen Copy number Koha item type
Dewey Decimal Classification     JCC Rouf Library JCC Rouf Library General Stacks   320.473 AME 2014 12169 03/08/2018 C - 1 Books
Dewey Decimal Classification     JCC Rouf Library JCC Rouf Library General Stacks   320.473 AME 2014 12544 03/13/2018 C - 2 Books

JCC Library | Contacts | JCC Home

Last Update on 23 September 2017
Copyright @ 2017-2020 JCC Rouf Library
Rouf Library, Jhenidah Cadet College (JCC), Bangladesh